|
|
|
|
| LEADER |
00784nam#a2200265#a#4500 |
| 001 |
000979 |
| 005 |
20160721141832.0 |
| 008 |
950628s1975####ag##################spa#d |
| 040 |
|
|
|a AR-BeUNQ
|
| 099 |
|
|
|a 30-V3
|
| 100 |
1 |
|
|a Vázquez, José Antonio
|
| 245 |
0 |
3 |
|a El doctor Francia visto y oído por sus contemporáneos
|c José Antonio Vázquez.
|
| 260 |
|
|
|a Buenos Aires :
|b EUDEBA,
|c 1975
|
| 300 |
|
|
|a 420 p
|
| 490 |
0 |
|
|a Iberoamericana
|
| 648 |
|
4 |
|a 1770-1870
|
| 650 |
|
7 |
|a POLITICOS
|2 spines
|
| 650 |
|
7 |
|a HISTORIA
|2 spines
|
| 650 |
|
7 |
|a REVOLUCIONES POLITICAS
|2 spines
|
| 650 |
|
7 |
|a INDEPENDENCIA NACIONAL
|2 spines
|
| 650 |
|
7 |
|a BIOGRAFIAS
|2 spines
|
| 651 |
|
7 |
|a PARAGUAY
|2 Spines
|
| 929 |
|
|
|a COMPRA
|b Eudeba
|c Exp. 827-0207/95
|d 6,30
|e 1995
|j 11265
|
| 942 |
|
|
|c LIB
|n 0
|
| 999 |
|
|
|c 3780
|d 79167
|